000 00639nam a2200241Ia 4500
003 OSt
005 20221007111723.0
006 a|||||r|||| 00| 0
007 ta
008 221006b |||||||| |||| 00| 0 eng d
024 _a24,181
037 _cTextual
040 _aLCO
_cLCO
_beng
041 _2eng
_aeng
082 _aX5:517:(Z73), L7
100 _aCrotti Alfred F.
_9688765
245 0 _aTrading Under EEC and US Antitrust Laws
260 _aLondon
_bButterworths U.K.
_c1977
300 _a361
650 _aTRADE
942 _hX5:517:(Z73), L7
_cTEXL
999 _c1193744
_d1193744